000 01118nam a22003257a 4500
003 CHAP
005 20220329143747.0
008 110720s1963 mx a r 00010 spa d
010 _a101562
011 _a102534
035 _a113223
040 _cCHAP
082 0 4 _a690
_bP46
100 1 _aPeurifoy, R. L.
_987707
245 1 0 _aMétodos, planeamiento y equipos de construcción
_c/por R. L. Peurifoy
260 _aMéxico, D.F. :
_bDiana,
_c1963
300 _a597 p. :
_bilus., gráfs., tablas
534 _pTít. original :
_tConstruction planning equipment and methods :
_cNew York : McGraw-Hill
590 _aBATCH-UPD
_b10
_c20130110
_lUCH01
_h1232
590 _aBATCH-UPD
_b10
_c20130410
_lUCH01
_h0802
590 _aBATCH-UPD
_b10
_c20130914
_lUCH01
_h0051
590 _aCONVERSION
_b10
_c20130109
_lUCH01
_h1356
650 1 4 _aAlbañiles.
_93440
650 1 4 _aConstrucción
_xMaquinaria.
_927386
650 1 4 _aConstrucción
_xMateriales de.
_927387
650 1 4 _aIndustria de la construcción.
_957803
901 _aBK
942 _cLIBRO
949 _a690 P46
_bBC
_cLIBRO
_d33724002243587
_eLIBRO
_h115274
_i113223
_sb
999 _c101562
_d101562